Części występujące w komputerze - Statystyki

Ogólne statystyki
  • Ten quiz został rozwiązany 616 razy
  • Średni wynik to 4 z 5
Statystyki odpowiedzi
Odpowiedzi % Poprawnych
Procesor
94%
Karta Graficzna
93%
Dysk
86%
Płyta Główna
80%
Pamięć RAM
68%
Nie znaleziono quizów pasujących do podanych kryteriów
Rozkład punktacji
Procent ludzi z każdym wynikiem
Percentyl według liczby udzielonych odpowiedzi
Twoja historia wyników
Nie rozwiązałeś tego quizu